La Bonne Auberge - Orthographe moi ça ! S1 - Statistiques

Statistiques générales
  • Ce quiz a été pris 156 fois
  • Le résultat moyen est 9 sur 14
Statistiques - réponses
Question Réponse % Correct
Dans la soufrière, Birzim leur présente son compagnon, il s'agit de... Ayhrvë
95%
La secte d'Arawiti semble être dirigée par... Ethelví de Calvenès
86%
Après ça, ils rencontrent Mina et son chien... Aleksander
82%
Comment s'appelle la demi-elfe qui engage les aventuriers pour récupérer son précieux carnet ? Moore
81%
Birzim en revanche, appartient à la race des... Génasis
79%
Parmi les êtres qui accompagne la guenaude dans son combat il y a un... Mallkuar
79%
Plus tard, ils rencontre un prêtre, Hekuran, c'est un... Nasalasar
68%
Comment s'appelle l'organisation secrète pour laquelle travaille la Compagnie du Baluchon ? Concursum
64%
Quelle est la race de Corb Murphy ? Tieffeline
64%
Quel est le nom de famille du Chevalier Ditmir ? d'Erblin-Elis
49%
Au final, la Compagnie du Baluchon les retrouvera au village de... Kënetë
47%
Dans le village, une personne a une attitude très étrange, il s'agit du... Rreshter
39%
Les deux frères que les aventuriers doivent retrouver à Lumi s'appellent... Dahmnait et Réamonn
37%
Il doivent se rendre à une réunion qui doit avoir lieu dans un entrepôt appartenant à... Mobsesian & Fils
35%
Aucun quiz correspondant
Distribution des résultats
% des personnes avec chaque résultat
Percentile par nombre de réponses
Votre historique - résultats
Vous n’avez pas pris ce quiz